Europa, CEPT, PostEurop 2003 (4th ed) (Record no. 2744)

000 -LEADER
fixed length control field 00391nam a22000977a 4500
008 - FIXED-LENGTH DATA ELEMENTS--GENERAL INFORMATION
fixed length control field 180611b ||||| |||| 00| 0 eng d
100 ## - MAIN ENTRY--AUTHOR'S NAME
Author's Name Dokmfil Catalog
245 ## - TITLE STATEMENT
Title Europa, CEPT, PostEurop 2003 (4th ed)
260 ## - PUBLICATION, DISTRIBUTION, ETC. (IMPRINT)
Place of publication, distribution, etc. Sabadell (Barcelona), Spain
Name of publisher, distributor, etc. DOMFIL Catalogos Tematicos Internacionales, S.L
Date of publication, distribution, etc. 2003
650 ## - TOPICAL TERM (Tag)
Topical term or geographic name Topical Collecting | Europa | CEPT | PostEurop | Europe | Catalogs and Price Lists

No items available.

Powered by Koha